[Event "AUS-ch"]
[Site "Adelaide"]
[Date "2024.01.05"]
[Round "5"]
[White "Le, Tri Kien"]
[Black "Asaka, Samuel"]
[Result "1/2-1/2"]
[WhiteElo "2243"]
[BlackElo "2125"]
[PlyCount "96"]
[EventDate "2024.01.02"]
[EventType "swiss"]
[EventRounds "11"]
[EventCountry "AUS"]
[SourceTitle "CB03_2024"]
[SourceDate "2024.01.17"]
[SourceVersion "1"]
[SourceVersionDate "2024.01.17"]
[SourceQuality "1"]

1. d4 Nf6 2. c4 e6 3. Nc3 Bb4 4. Qc2 h6 5. e4 c5 6. e5 cxd4 7. a3 Bf8 8. Nb5 a6 9. Qa4 Ng4 10. Nf3 Nc6 11. Bf4 g5 12. Bg3 Bg7 13. Nd6+ Kf8 14. Rd1 Ngxe5 15. Bxe5 Nxe5 16. Nxd4 Qb6 17. Nb3 Kg8 18. Be2 Qc6 19. Qxc6 bxc6 20. Nc5 Bf8 21. Na4 Bxd6 22. Rxd6 Kg7 23. c5 a5 24. Nb6 Ra7 25. 0-0 Ng6 26. Rfd1 Nf4 27. Bc4 Nd5 28. Bxd5 cxd5 29. h3 Re8 30. f3 Kf8 31. Kf2 Ke7 32. Re1 Kd8 33. Nxc8 Kxc8 34. Rxd5 Rb7 35. Rd2 Kc7 36. Red1 Rd8 37. Ke3 Kc6 38. Kd4 Rb5 39. Rc2 Rdb8 40. Rdd2 f6 41. g4 Rb3 42. Ke4 R8b5 43. Rd6+ Kc7 44. Rcd2 f5+ 45. gxf5 exf5+ 46. Kxf5 Rxf3+ 47. Kg4 Rf4+ 48. Kg3 Rxc5 1/2-1/2

[Event "AUS-ch"]
[Site "Adelaide"]
[Date "2024.01.03"]
[Round "3"]
[White "Le, Tri Kien"]
[Black "Lee, Aaron James"]
[Result "1-0"]
[WhiteElo "2243"]
[BlackElo "2051"]
[PlyCount "125"]
[EventDate "2024.01.02"]
[EventType "swiss"]
[EventRounds "11"]
[EventCountry "AUS"]
[SourceTitle "CB03_2024"]
[SourceDate "2024.01.17"]
[SourceVersion "1"]
[SourceVersionDate "2024.01.17"]
[SourceQuality "1"]

1. d4 d5 2. c4 e6 3. Nc3 Nf6 4. cxd5 exd5 5. Bg5 c6 6. e3 Be7 7. Bd3 0-0 8. Qc2 h6 9. Bh4 Re8 10. Nf3 Ne4 11. Bg3 Nxg3 12. hxg3 Nd7 13. 0-0 Bd6 14. a3 Nf6 15. b4 a6 16. Na4 Bg4 17. Nc5 Qe7 18. Rfc1 Ne4 19. Bxe4 dxe4 20. Ne5 Bxe5 21. Qxe4 Bxg3 22. Qxg4 Bd6 23. Rab1 Rf8 24. g3 f5 25. Qf3 Rae8 26. Kg2 g5 27. Qh5 Kg7 28. Rh1 Rh8 29. Na4 Ref8 30. Nc3 Rf6 31. Qf3 Rhf8 32. Rbd1 R8f7 33. d5 Be5 34. Na4 g4 35. Qe2 cxd5 36. Qd3 Rd6 37. Rh5 Kg6 38. Rdh1 Bg7 39. Nc3 Qe6 40. R5h4 Kh7 41. Rd1 d4 42. Ne2 Rfd7 43. exd4 Qd5+ 44. Kg1 Kg8 45. Rh5 Rf7 46. Nf4 Qxd4 47. Qxd4 Bxd4 48. Kg2 Kh7 49. Re1 Bg7 50. Ne6 Kg6 51. Nf4+ Kf6 52. Rc1 b6 53. a4 Re7 54. Rhh1 Re4 55. Rc7 Bf8 56. Rb1 b5 57. axb5 axb5 58. Rb7 Re5 59. Ra1 Rc6 60. Raa7 Re8 61. Rf7+ Ke5 62. Rab7 Bxb4 63. Nd3+ 1-0

[Event "Hanoi op"]
[Site "Hanoi"]
[Date "2022.08.21"]
[Round "2"]
[White "Vu, Hoang Gia Bao"]
[Black "Le, Tri Kien"]
[Result "1/2-1/2"]
[WhiteElo "1879"]
[BlackElo "1887"]
[PlyCount "74"]
[EventDate "2022.08.20"]
[EventType "swiss"]
[EventRounds "9"]
[EventCountry "VIE"]
[SourceTitle "CBM 209 Extra"]
[Source "ChessBase"]
[SourceDate "2022.09.30"]
[SourceVersion "1"]
[SourceVersionDate "2022.09.30"]
[SourceQuality "1"]

1. c4 c5 2. Nc3 Nc6 3. g3 g6 4. Bg2 Bg7 5. e4 d6 6. Nge2 e6 7. 0-0 Nge7 8. d3 0-0 9. Rb1 b6 10. a3 Bb7 11. b4 Qd7 12. b5 Nd4 13. Nf4 Nf3+ 14. Qxf3 Bxc3 15. Ne2 Bg7 16. Bb2 Rad8 17. Bxg7 Kxg7 18. Qe3 Qc7 19. Nf4 a6 20. a4 axb5 21. axb5 Ra8 22. Ra1 Rfd8 23. Rfe1 Ng8 24. g4 Qd7 25. g5 e5 26. Nd5 Bxd5 27. exd5 Qc7 28. f4 Rxa1 29. Rxa1 exf4 30. Qxf4 h6 31. h4 hxg5 32. hxg5 Re8 33. Be4 Re5 34. Kf2 Qe7 35. Rg1 Qa7 36. Ke3 Qe7 37. Kf2 Qd8 1/2-1/2

[Event "Hanoi op"]
[Site "Hanoi"]
[Date "2022.08.20"]
[Round "1"]
[White "Le, Tri Kien"]
[Black "Nguyen, Tuan Minh"]
[Result "1/2-1/2"]
[WhiteElo "1887"]
[BlackElo "1266"]
[PlyCount "136"]
[EventDate "2022.08.20"]
[EventType "swiss"]
[EventRounds "9"]
[EventCountry "VIE"]
[SourceTitle "CBM 209 Extra"]
[Source "ChessBase"]
[SourceDate "2022.09.30"]
[SourceVersion "1"]
[SourceVersionDate "2022.09.30"]
[SourceQuality "1"]

1. Nf3 Nf6 2. c4 e6 3. g3 d5 4. Bg2 b6 5. 0-0 Bb7 6. b3 Nbd7 7. Bb2 Be7 8. d3 c5 9. Nbd2 0-0 10. Qc2 Qc7 11. Rfe1 d4 12. e3 dxe3 13. fxe3 Ne8 14. e4 Rd8 15. e5 Nb8 16. Ne4 Bxe4 17. Rxe4 Nc6 18. a3 g6 19. Rd1 Ng7 20. g4 Rd7 21. Qe2 Rfd8 22. Bf1 Na5 23. Qc2 Qb7 24. Be2 h5 25. h3 hxg4 26. hxg4 Nc6 27. Kg2 Nd4 28. Nxd4 cxd4 29. Bf3 Qc7 30. Qd2 g5 31. Rh1 f5 32. exf6 Bxf6 33. Qe1 e5 34. Re2 Ne6 35. Bc1 Rh7 36. Be4 Rxh1 37. Qxh1 Qd7 38. Qh5 Qf7 39. Qh3 Nc5 40. b4 Nxe4 41. Rxe4 Kg7 42. Qf3 Rh8 43. Re1 Qc7 44. Qe4 a5 45. Bd2 axb4 46. axb4 Qa7 47. Rf1 Qa2 48. Qb7+ Kg6 49. Qe4+ Kg7 50. Qe2 Qa8+ 51. Qf3 Qxf3+ 52. Kxf3 Rh3+ 53. Ke4 Rg3 54. Ra1 Rxg4+ 55. Kf5 Rg2 56. Ra7+ Kh6 57. Ra2 Rf2+ 58. Ke6 Kg6 59. c5 bxc5 60. bxc5 g4 61. c6 Bd8 62. Kd7 g3 63. Ra1 Bb6 64. Rb1 g2 65. Rxb6 Rf7+ 66. Ke8 g1Q 67. c7+ Rf6 68. Rxf6+ Kxf6 1/2-1/2

[Event "VIE-ch U17"]
[Site "Ho Chi Minh City"]
[Date "2022.07.13"]
[Round "4"]
[White "Le, Tri Kien"]
[Black "Ma, Van Sang"]
[Result "1-0"]
[WhiteElo "2281"]
[BlackElo "2267"]
[PlyCount "50"]
[EventDate "2022.07.11"]
[EventType "swiss"]
[EventRounds "9"]
[EventCountry "VIE"]
[SourceTitle "EXT 2023"]
[Source "ChessBase"]
[SourceDate "2022.10.05"]
[SourceVersion "1"]
[SourceVersionDate "2022.10.05"]
[SourceQuality "1"]

1. d4 c6 2. g3 d5 3. Bg2 Nf6 4. Nf3 Bf5 5. 0-0 e6 6. c4 Qb6 7. Nc3 Be7 8. c5 Qa6 9. Nh4 Bg6 10. Nxg6 hxg6 11. Qc2 Nbd7 12. Rd1 b6 13. cxb6 axb6 14. e4 Rc8 15. e5 Ng4 16. h3 Nh6 17. g4 c5 18. Be3 0-0 19. f4 cxd4 20. Bxd4 Qc4 21. Qf2 Bc5 22. Rac1 Bxd4 23. Rxd4 Qc5 24. Kh2 Qc7 25. Re1 f6 1-0

[Event "VIE-ch U17"]
[Site "Ho Chi Minh City"]
[Date "2022.07.12"]
[Round "2"]
[White "Le, Tri Kien"]
[Black "Dang, Hoang Quy Nhan"]
[Result "0-1"]
[WhiteElo "2281"]
[BlackElo "2274"]
[PlyCount "150"]
[EventDate "2022.07.11"]
[EventType "swiss"]
[EventRounds "9"]
[EventCountry "VIE"]
[SourceTitle "EXT 2023"]
[Source "ChessBase"]
[SourceDate "2022.10.05"]
[SourceVersion "1"]
[SourceVersionDate "2022.10.05"]
[SourceQuality "1"]

1. d4 d5 2. c4 c6 3. Nc3 Nf6 4. e3 e6 5. b3 Nbd7 6. Bb2 Bd6 7. Nf3 0-0 8. Bd3 Qe7 9. Qc2 Re8 10. Rd1 e5 11. dxe5 Nxe5 12. Nxe5 Bxe5 13. cxd5 cxd5 14. Ne2 Bg4 15. 0-0 Rac8 16. Qd2 Ne4 17. Bxe4 dxe4 18. Bxe5 Qxe5 19. h3 Bxe2 20. Qxe2 Rc7 21. Rd4 g6 22. Rfd1 Rec8 23. Rd5 Qf6 24. Rd6 Qe5 25. R6d5 Qf6 26. Qg4 Rc2 27. R5d2 Qe5 28. Qe2 Qc3 29. Rxc2 Qxc2 30. Qd2 b6 31. Qd7 a5 32. Rd2 Qc6 33. Qxc6 Rxc6 34. Kh2 Kg7 35. Kg3 h6 36. Kf4 Re6 37. h4 h5 38. Rc2 Kf8 39. Rc7 Rf6+ 40. Kg3 Rd6 41. Rb7 Rd2 42. a4 Rd6 43. Kf4 Rf6+ 44. Kg3 Rd6 45. f3 exf3 46. gxf3 Kg7 47. e4 Kf6 48. Kf4 Ke6 49. Ke3 f5 50. Rb8 fxe4 51. fxe4 Rc6 52. Kd4 Rd6+ 53. Kc4 Ke5 54. Re8+ Kf4 55. e5 Rd1 56. e6 Ke5 57. Kb5 Rd6 58. e7 Ke6 59. Rf8 Kxe7 60. Rf4 Ke6 61. b4 axb4 62. Rxb4 g5 63. hxg5 Kf5 64. Ka6 Kxg5 65. Rb5+ Kg4 66. Rb4+ Kg3 67. Rxb6 Rxb6+ 68. Kxb6 h4 69. a5 h3 70. a6 h2 71. Ka7 h1Q 72. Kb8 Qb1+ 73. Ka8 Qe4+ 74. Kb8 Qe5+ 75. Ka8 Qc7 0-1

[Event "VIE-ch U17"]
[Site "Ho Chi Minh City"]
[Date "2022.07.12"]
[Round "3"]
[White "Tran, Tuan Minh1111"]
[Black "Le, Tri Kien"]
[Result "0-1"]
[WhiteElo "2266"]
[BlackElo "2281"]
[PlyCount "56"]
[EventDate "2022.07.11"]
[EventType "swiss"]
[EventRounds "9"]
[EventCountry "VIE"]
[SourceTitle "EXT 2023"]
[Source "ChessBase"]
[SourceDate "2022.10.05"]
[SourceVersion "1"]
[SourceVersionDate "2022.10.05"]
[SourceQuality "1"]

1. c4 c5 2. Nf3 g6 3. g3 Bg7 4. Bg2 Nc6 5. Nc3 d6 6. d3 e6 7. a3 Nge7 8. 0-0 0-0 9. Bd2 b6 10. Qc1 Re8 11. Rb1 Bb7 12. Bh6 Bh8 13. b4 Nf5 14. Bd2 Qd7 15. Nd1 Rac8 16. b5 Ncd4 17. Re1 Nxf3+ 18. exf3 Nd4 19. Re3 Bg7 20. f4 Bxg2 21. Kxg2 Qb7+ 22. f3 e5 23. Bc3 exf4 24. Rxe8+ Rxe8 25. Qxf4 Bh6 26. Qxh6 Qxf3+ 27. Kh3 Qf1+ 28. Kg4 Qf5+ 0-1

[Event "VIE-ch U17"]
[Site "Ho Chi Minh City"]
[Date "2022.07.11"]
[Round "1"]
[White "Nguyen, Xuan Hien"]
[Black "Le, Tri Kien"]
[Result "1-0"]
[WhiteElo "2272"]
[BlackElo "2281"]
[PlyCount "135"]
[EventDate "2022.07.11"]
[EventType "swiss"]
[EventRounds "9"]
[EventCountry "VIE"]
[SourceTitle "EXT 2023"]
[Source "ChessBase"]
[SourceDate "2022.10.05"]
[SourceVersion "1"]
[SourceVersionDate "2022.10.05"]
[SourceQuality "1"]

1. d4 Nf6 2. c4 e6 3. g3 d5 4. Nf3 Bb4+ 5. Bd2 Bd6 6. Bg2 c6 7. Qc2 Nbd7 8. b3 0-0 9. Nc3 Re8 10. 0-0 dxc4 11. bxc4 e5 12. d5 Qc7 13. Ne1 cxd5 14. cxd5 a6 15. a4 h6 16. Qa2 Nc5 17. Nc2 b6 18. Ne3 Bd7 19. Nc4 Rab8 20. Rab1 Bf8 21. a5 b5 22. Nb6 Bf5 23. Rbc1 Nfd7 24. d6 Qxd6 25. Ncd5 Qg6 26. Bb4 Be6 27. Qa3 Bxd5 28. Bxd5 Rxb6 29. axb6 Qxb6 30. Rfd1 Ne6 31. Bxe6 Qxe6 32. Bxf8 Nxf8 33. Rd6 Qe7 34. Rxa6 b4 35. Qe3 Rb8 36. Rb6 Rd8 37. Qc5 Qg5 38. Rxb4 Ne6 39. Qe3 Qxe3 40. fxe3 Kh7 41. Rb5 f6 42. Rc6 Ng5 43. Rb7 Rd1+ 44. Kg2 h5 45. h4 Ne4 46. Rcc7 Kg6 47. Rxg7+ Kf5 48. Rh7 Re1 49. Rb2 Nc3 50. Rxh5+ Ke4 51. Kf2 Ra1 52. Rb4+ Kd5 53. Rh8 Ra2 54. Rd8+ Ke6 55. g4 Nxe2 56. Rb6+ Ke7 57. Rh8 Nc3+ 58. Kf1 Kf7 59. Rd8 Ne4 60. g5 Kg6 61. gxf6 Rf2+ 62. Kg1 Rxf6 63. Rxf6+ Nxf6 64. Kg2 Kf5 65. Rf8 Kg6 66. Rxf6+ Kxf6 67. Kf3 Kf5 68. e4+ 1-0

[Event "VIE-ch U20"]
[Site "Hanoi"]
[Date "2022.06.15"]
[Round "6"]
[White "Nguyen, Lam Thien"]
[Black "Le, Tri Kien"]
[Result "1/2-1/2"]
[WhiteElo "2258"]
[BlackElo "2267"]
[PlyCount "132"]
[EventDate "2022.06.11"]
[EventType "swiss"]
[EventRounds "9"]
[EventCountry "VIE"]
[SourceTitle "EXT 2023"]
[Source "ChessBase"]
[SourceDate "2022.10.05"]
[SourceVersion "1"]
[SourceVersionDate "2022.10.05"]
[SourceQuality "1"]

1. e4 c5 2. Nc3 d6 3. d4 cxd4 4. Qxd4 Nc6 5. Qd2 g6 6. b3 Bh6 7. f4 f5 8. Bb2 Nf6 9. Nf3 Qa5 10. Nd5 Qxd2+ 11. Nxd2 0-0 12. Nxf6+ exf6 13. Bc4+ Kh8 14. 0-0 Nb4 15. Bd3 Be6 16. Bc3 Nxd3 17. cxd3 Rac8 18. Rac1 Kg8 19. exf5 Bxf5 20. Ne4 Bxe4 21. dxe4 Kf7 22. g3 Rfe8 23. Bd4 Rc6 24. Rxc6 bxc6 25. e5 dxe5 26. fxe5 f5 27. Rf2 a5 28. Rc2 Rd8 29. Bb6 Rd5 30. Rxc6 Rxe5 31. Rc7+ Kg8 32. Ra7 Bd2 33. Kf2 Rd5 34. Ke2 Bb4 35. Be3 Rd8 36. Bh6 Rd5 37. Rg7+ Kh8 38. Ra7 Kg8 39. Rg7+ Kh8 40. Rc7 Kg8 41. Rc8+ Kf7 42. Rh8 Re5+ 43. Kf3 Re1 44. Rxh7+ Kf6 45. h4 Rf1+ 46. Kg2 Rb1 47. Kf3 Rf1+ 48. Ke2 Rg1 49. Kf3 Rf1+ 50. Kg2 Rb1 51. Bg7+ Ke6 52. Bd4 Rd1 53. Be3 Bd6 54. Rg7 Rd3 55. Bg5 Rxg3+ 56. Kf2 Rh3 57. Rxg6+ Kd5 58. Rf6 Rh2+ 59. Kf3 Rh3+ 60. Kg2 Rh2+ 61. Kf3 Rh3+ 62. Kg2 Rh2+ 63. Kg1 Rxa2 64. Rxf5+ Ke4 65. Rf6 Be5 66. Re6 Kf5 1/2-1/2

[Event "VIE-ch U20"]
[Site "Hanoi"]
[Date "2022.06.13"]
[Round "4"]
[White "Nguyen, Anh Dung1111"]
[Black "Le, Tri Kien"]
[Result "0-1"]
[WhiteElo "2276"]
[BlackElo "2267"]
[PlyCount "116"]
[EventDate "2022.06.11"]
[EventType "swiss"]
[EventRounds "9"]
[EventCountry "VIE"]
[SourceTitle "EXT 2023"]
[Source "ChessBase"]
[SourceDate "2022.10.05"]
[SourceVersion "1"]
[SourceVersionDate "2022.10.05"]
[SourceQuality "1"]

1. e4 c5 2. Nf3 d6 3. d4 cxd4 4. Nxd4 Nf6 5. Nc3 a6 6. f4 e6 7. Bd3 Nbd7 8. Qf3 Qc7 9. Nb3 b5 10. a3 Bb7 11. Qh3 e5 12. 0-0 Be7 13. Bd2 0-0 14. Rae1 Rae8 15. f5 h6 16. Rf3 Nh7 17. Rg3 Bg5 18. Bxg5 Nxg5 19. Qg4 Nf6 20. Qe2 d5 21. Nd2 Qc5+ 22. Kh1 Rd8 23. h4 Ngxe4 24. Ndxe4 dxe4 25. Bxe4 Bxe4 26. Nxe4 Nxe4 27. Qxe4 Rd4 28. Qxe5 Rxh4+ 29. Rh3 Rxh3+ 30. gxh3 Qxc2 31. Rg1 Qc6+ 32. Kh2 f6 33. Qf4 Re8 34. Rg2 Qe4 35. Qxe4 Rxe4 36. Kg3 Re3+ 37. Kh4 Kh7 38. Rc2 Rb3 39. Kg4 b4 40. a4 Rd3 41. h4 b3 42. Rc4 Rd2 43. Rc6 Rxb2 44. Rxa6 Ra2 45. Kh5 Rf2 46. Kg4 Rg2+ 47. Kh5 Ra2 48. Rb6 b2 49. Rb8 Rxa4 50. Rxb2 Rf4 51. Rb5 Re4 52. Rb1 Re5 53. Kg4 Re4+ 54. Kh5 Rf4 55. Rb5 Rxf5+ 56. Rxf5 g6+ 57. Kg4 gxf5+ 58. Kh5 Kh8 0-1

[Event "VIE-chT"]
[Site "Hanoi"]
[Date "2022.04.01"]
[Round "8.6"]
[White "Nguyen, Huynh Minh Huy"]
[Black "Le, Tri Kien"]
[Result "1-0"]
[WhiteElo "2430"]
[BlackElo "1887"]
[PlyCount "165"]
[EventDate "2022.03.28"]
[EventType "swiss"]
[EventRounds "9"]
[EventCountry "VIE"]
[SourceTitle "EXT 2023"]
[Source "ChessBase"]
[SourceDate "2022.10.05"]
[SourceVersion "1"]
[SourceVersionDate "2022.10.05"]
[SourceQuality "1"]

1. d4 Nf6 2. c4 e6 3. g3 d5 4. Nf3 Bb4+ 5. Bd2 Bd6 6. Bg2 c6 7. 0-0 Nbd7 8. Qc2 0-0 9. Rd1 Qe7 10. Bg5 dxc4 11. Nbd2 h6 12. Bxf6 Nxf6 13. Nxc4 Bc7 14. Rac1 Rd8 15. e4 Bd7 16. e5 Nd5 17. Qe4 Be8 18. Bf1 Rac8 19. Bd3 f5 20. exf6 Nxf6 21. Qe1 Bh5 22. Be2 Bxf3 23. Bxf3 Rd7 24. Rd3 Rcd8 25. Rb3 Bb6 26. Nxb6 axb6 27. Rxb6 Rxd4 28. Rb3 Rd3 29. Rcc3 Rxc3 30. Rxc3 e5 31. Re3 Re8 32. Be4 Qc5 33. Bg6 Re7 34. Ra3 Nd7 35. Ra8+ Nf8 36. b4 Qd6 37. Bc2 g6 38. Qe4 Kg7 39. Bb3 Qf6 40. Rd8 Ne6 41. Bxe6 Rxe6 42. Rd7+ Re7 43. Rd2 Qe6 44. a3 Qf6 45. Kg2 Qe6 46. Rd3 Rf7 47. Re3 Rd7 48. Qxe5+ Qxe5 49. Rxe5 Kf6 50. Re3 Rd4 51. Kf3 Rd2 52. h4 h5 53. Rc3 Ke6 54. Ke3 Ra2 55. Rd3 Kf5 56. f3 Ke5 57. Rc3 Ra1 58. Rc5+ Ke6 59. Ra5 Rc1 60. Kf4 Kf6 61. Rc5 Ra1 62. Rc3 Re1 63. Rd3 Re7 64. Rd6+ Kg7 65. g4 Kh6 66. Rd4 Kg7 67. a4 Kh6 68. a5 Kg7 69. Re4 Rd7 70. Ke3 Kf6 71. Rd4 Re7+ 72. Kd3 hxg4 73. fxg4 Rh7 74. g5+ Ke5 75. Kc4 Rf7 76. Kc5 Rf1 77. Rc4 Rf2 78. Kb6 Kd5 79. Rc5+ Kd6 80. Kxb7 Rf7+ 81. Kb6 Rf4 82. Rxc6+ Kd5 83. b5 1-0

[Event "Eastern Asia-ch U16"]
[Site "Tornelo INT"]
[Date "2021.10.31"]
[Round "9"]
[White "Biriya, Mohammadamin"]
[Black "Le, Tri Kien"]
[Result "1/2-1/2"]
[WhiteElo "1616"]
[BlackElo "1737"]
[PlyCount "145"]
[EventDate "2021.10.29"]
[EventType "swiss"]
[EventRounds "9"]
[EventCountry "NET"]
[SourceTitle "CBM 205 Extra"]
[Source "ChessBase"]
[SourceDate "2022.01.31"]
[SourceVersion "1"]
[SourceVersionDate "2022.01.31"]
[SourceQuality "1"]

1. e4 c5 2. Nf3 d6 3. d4 Nf6 4. Nc3 cxd4 5. Nxd4 a6 6. Be3 e5 7. Nb3 Be6 8. f3 h5 9. Qd2 Be7 10. 0-0-0 Nbd7 11. h4 Rc8 12. Kb1 Qc7 13. Be2 b5 14. Rc1 Nb6 15. Bxb6 Qxb6 16. Nd5 Nxd5 17. exd5 Bd7 18. g4 hxg4 19. fxg4 b4 20. Rcf1 a5 21. g5 a4 22. Nc1 f5 23. gxf6 Bxf6 24. h5 Rh6 25. Bd3 Ke7 26. Ne2 a3 27. b3 Bg4 28. Rhg1 Bxe2 29. Qxe2 Qd4 30. c4 bxc3 31. Kc2 Qxd5 32. Qg4 Rch8 33. Rd1 Rxh5 34. Bc4 Rh2+ 35. Kc1 R8h4 36. Bxd5 Rxg4 37. Rxg4 Rxa2 38. Rg2 Ra1+ 39. Kc2 Ra2+ 40. Kd3 e4+ 41. Bxe4 Rxg2 42. Bxg2 c2 43. Re1+ Kd8 44. Kxc2 a2 45. Kd3 a1R 46. Rxa1 Bxa1 47. b4 Kc7 48. Kc4 Be5 49. Kd5 Kb6 50. Bf1 g6 51. Bd3 g5 52. Be2 Bf4 53. Kc4 Bd2 54. Bf3 Ka6 55. Be2 Kb6 56. Bf3 Kc7 57. Be2 Kd7 58. Bg4+ Ke7 59. b5 Be3 60. Kd5 Bc5 61. Kc6 Bf2 62. Kd5 Bc5 63. Kc6 Kf6 64. b6 Ke5 65. Bf3 Kf4 66. Bd5 Bxb6 67. Kxd6 Bd4 68. Ke6 Be5 69. Ba8 g4 70. Bb7 Bb8 71. Ba8 Ba7 72. Bb7 Bb6 73. Ba8 1/2-1/2

[Event "Eastern Asia-ch U16"]
[Site "Tornelo INT"]
[Date "2021.10.31"]
[Round "8"]
[White "Nguyen, Quoc Hy"]
[Black "Le, Tri Kien"]
[Result "1-0"]
[WhiteElo "1857"]
[BlackElo "1737"]
[PlyCount "105"]
[EventDate "2021.10.29"]
[EventType "swiss"]
[EventRounds "9"]
[EventCountry "NET"]
[SourceTitle "CBM 205 Extra"]
[Source "ChessBase"]
[SourceDate "2022.01.31"]
[SourceVersion "1"]
[SourceVersionDate "2022.01.31"]
[SourceQuality "1"]

1. d4 Nf6 2. c4 e6 3. Nc3 Bb4 4. e3 d5 5. Bd3 0-0 6. Nge2 c5 7. 0-0 Nc6 8. a3 Bxc3 9. bxc3 dxc4 10. Bxc4 Qc7 11. Ba2 Na5 12. Ng3 b6 13. e4 Ba6 14. Re1 e5 15. Bg5 Ne8 16. Nf5 Bc4 17. Be7 Bxa2 18. Rxa2 f6 19. Bxf8 Kxf8 20. Ne3 Rd8 21. Rd2 Qd7 22. Qc2 Nc6 23. d5 Na5 24. Rf1 Nd6 25. f4 Nac4 26. Nxc4 Nxc4 27. fxe5 Nxe5 28. h3 c4 29. Rdf2 Kg8 30. Rf5 Qd6 31. a4 Rf8 32. Kh1 Re8 33. Qf2 Nf7 34. Qd4 Ne5 35. Qf2 Nf7 36. Qf4 Qxf4 37. R5xf4 Ne5 38. a5 Nd3 39. R4f3 b5 40. a6 Rxe4 41. Rb1 b4 42. cxb4 Ne5 43. Ra3 Nd7 44. Ra5 Rd4 45. Rb5 h5 46. Rb7 Rxd5 47. Rxa7 Nb6 48. Rb7 c3 49. Rc1 Rb5 50. a7 Rxb4 51. Rxb6 Ra4 52. Rb8+ Kh7 53. a8Q 1-0

[Event "Eastern Asia-ch U16"]
[Site "Tornelo INT"]
[Date "2021.10.29"]
[Round "2"]
[White "Le, Tri Kien"]
[Black "Mittal, Aditya"]
[Result "1/2-1/2"]
[WhiteElo "1737"]
[BlackElo "1488"]
[PlyCount "119"]
[EventDate "2021.10.29"]
[EventType "swiss"]
[EventRounds "9"]
[EventCountry "NET"]
[SourceTitle "CBM 205 Extra"]
[Source "ChessBase"]
[SourceDate "2022.01.31"]
[SourceVersion "1"]
[SourceVersionDate "2022.01.31"]
[SourceQuality "1"]

1. d4 Nf6 2. c4 e6 3. Nc3 Bb4 4. e3 0-0 5. Nge2 Re8 6. a3 Bf8 7. d5 exd5 8. cxd5 c6 9. Ng3 Qa5 10. dxc6 dxc6 11. Be2 Be6 12. 0-0 Na6 13. e4 b5 14. Be3 Rad8 15. Qc2 Ng4 16. Bxa7 Qc7 17. Bxg4 Bxg4 18. Be3 Bd6 19. Rac1 Qb8 20. Nce2 c5 21. f3 Be6 22. Rfd1 b4 23. Rb1 h6 24. f4 Qb5 25. e5 Bf8 26. a4 b3 27. Qe4 Qb4 28. Nc3 c4 29. f5 Bc8 30. e6 fxe6 31. f6 Qb7 32. fxg7 Bxg7 33. Qxc4 Qb4 34. Qxb4 Nxb4 35. Nge4 Nd5 36. Bd4 e5 37. Nxd5 Rxd5 38. Bb6 Be6 39. Nc5 e4 40. Nxe6 Rxd1+ 41. Rxd1 Rxe6 42. Be3 Ra6 43. Rd8+ Kh7 44. Rb8 Rxa4 45. Rxb3 Ra2 46. Rb4 Rxb2 47. Rxe4 Kg6 48. g4 Re2 49. Kf1 Rxh2 50. Bf2 Rh3 51. Re3 Rh1+ 52. Kg2 Rd1 53. Re1 Rd2 54. Kf3 Rd3+ 55. Re3 Rd2 56. Re6+ Kf7 57. Re2 Rd6 58. Re4 Kg6 59. Be3 Rc6 60. Rb4 1/2-1/2

[Event "VIE Cup"]
[Site "Bac Giang"]
[Date "2018.06.02"]
[Round "6"]
[White "Nguyen, Minh Chi Thien"]
[Black "Le, Tri Kien"]
[Result "0-1"]
[WhiteElo "1901"]
[BlackElo "1674"]
[PlyCount "128"]
[EventDate "2018.05.30"]
[EventType "swiss"]
[EventRounds "9"]
[EventCountry "VIE"]
[SourceTitle "CBM 184 Extra"]
[Source "ChessBase"]
[SourceDate "2018.06.28"]
[SourceVersion "1"]
[SourceVersionDate "2018.06.28"]
[SourceQuality "1"]

1. e4 c5 2. Nf3 d6 3. d4 cxd4 4. Nxd4 Nf6 5. Nc3 a6 6. Bg5 Nbd7 7. Bc4 Qb6 8. Bb3 e6 9. 0-0 Be7 10. Kh1 0-0 11. f4 Qc7 12. a3 b5 13. Qe2 Bb7 14. Bxe6 fxe6 15. Nxe6 Qc4 16. Qxc4 bxc4 17. Nxf8 Rxf8 18. Rad1 Re8 19. h3 Bf8 20. e5 dxe5 21. fxe5 Rxe5 22. Bxf6 Nxf6 23. Rd8 Re8 24. Rd4 Nh5 25. Kh2 Rc8 26. Na4 Nf6 27. Rfd1 Be4 28. R1d2 Rc6 29. Nc3 Bg6 30. Rd8 Kf7 31. g4 Be7 32. Ra8 Ne4 33. Nxe4 Bxe4 34. Ra7 Ke6 35. h4 Bxh4 36. Re2 Ke5 37. Rxg7 Rh6 38. Kg1 Bf6 39. Rg8 Rh1+ 40. Kf2 Rh2+ 41. Ke3 Rxe2+ 42. Kxe2 Bxc2 43. Ra8 Kf4 44. Rxa6 Bxb2 45. Rc6 Bd3+ 46. Kd2 Bxa3 47. Kc3 Kxg4 48. Rh6 Bf8 49. Rh1 Bg7+ 50. Kd2 Bg6 51. Rg1+ Kf5 52. Rf1+ Ke5 53. Re1+ Kd5 54. Rh1 c3+ 55. Kc1 c2 56. Rh2 Bd4 57. Rh3 Bf6 58. Rg3 Ke6 59. Re3+ Kf7 60. Rf3 Kg7 61. Rg3 Kh6 62. Rh3+ Kg5 63. Rh2 Be4 64. Rf2 Be5 0-1

[Event "VIE-chT"]
[Site "Ho Chi Minh City"]
[Date "2017.07.28"]
[Round "8.18"]
[White "Le, Tri Kien"]
[Black "Luong, Phuong Hanh"]
[Result "0-1"]
[WhiteElo "1560"]
[BlackElo "2133"]
[PlyCount "84"]
[EventDate "2017.07.24"]
[EventType "team-swiss"]
[EventRounds "9"]
[EventCountry "VIE"]
[SourceTitle "EXT 2019"]
[Source "ChessBase"]
[SourceDate "2018.10.10"]
[SourceVersion "1"]
[SourceVersionDate "2018.10.10"]
[SourceQuality "1"]

1. d4 Nf6 2. Bg5 d5 3. Nf3 c5 4. e3 Qb6 5. Qc1 Ne4 6. Bf4 Nc6 7. c3 h6 8. h3 Bf5 9. Nbd2 Rc8 10. Nxe4 Bxe4 11. Qd2 c4 12. Be2 e6 13. 0-0 Be7 14. Qc1 Bg6 15. Bd1 0-0 16. Bc2 f5 17. Ne5 Nxe5 18. Bxe5 Qd8 19. a4 b6 20. Qd2 Bd6 21. Bxd6 Qxd6 22. f4 Rb8 23. Rfb1 a6 24. b4 cxb3 25. Rxb3 Rfc8 26. Bd3 a5 27. Rab1 Be8 28. Bb5 Bxb5 29. Rxb5 Rc4 30. R1b3 Rxa4 31. Qb2 Rc4 32. Rxb6 Rxb6 33. Rxb6 Qe7 34. Ra6 a4 35. Kf2 Kh7 36. g3 Qe8 37. Kg2 Qc8 38. Qb6 Rxc3 39. Qxe6 Qxe6 40. Rxe6 Rc2+ 41. Kf1 a3 42. Ke1 Rc1+ 0-1

[Event "VIE-chT"]
[Site "Ho Chi Minh City"]
[Date "2017.07.25"]
[Round "3.18"]
[White "Le, Tri Kien"]
[Black "Hoang, Van Ngoc"]
[Result "0-1"]
[WhiteElo "1560"]
[BlackElo "2204"]
[PlyCount "100"]
[EventDate "2017.07.24"]
[EventType "team-swiss"]
[EventRounds "9"]
[EventCountry "VIE"]
[SourceTitle "EXT 2019"]
[Source "ChessBase"]
[SourceDate "2018.10.10"]
[SourceVersion "1"]
[SourceVersionDate "2018.10.10"]
[SourceQuality "1"]

1. d4 d5 2. c4 c6 3. Nf3 Nf6 4. Qc2 g6 5. Bf4 Bg7 6. e3 0-0 7. h3 c5 8. Nc3 Nc6 9. Rd1 Bf5 10. Qb3 cxd4 11. Nxd4 Nxd4 12. exd4 dxc4 13. Bxc4 Rc8 14. 0-0 Ne4 15. Nxe4 Bxe4 16. Rfe1 Bf5 17. g4 Bd7 18. Bg5 Bf6 19. Bxf6 exf6 20. Bb5 Rc7 21. Bxd7 Rxd7 22. d5 f5 23. Qc4 fxg4 24. hxg4 Qg5 25. Rd4 Rfd8 26. Red1 h5 27. f3 hxg4 28. fxg4 Rd6 29. Qd3 Qe5 30. Kg2 Kg7 31. Qg3 Qg5 32. Qf3 Re8 33. Re4 Rc8 34. Qd3 Qf6 35. Rd2 Rc5 36. Rd4 Rc1 37. Rd1 Rc5 38. Rd2 Qe5 39. Qf3 Rc1 40. Rd1 Rc2+ 41. R1d2 Qxd4 42. Rxc2 Rf6 43. Qe2 Qxd5+ 44. Kg3 Qd4 45. Rc4 Qg1+ 46. Kh3 g5 47. Qe5 Qf1+ 48. Kg3 Qxc4 49. Qxg5+ Rg6 50. Qe5+ Kh7 0-1